Toán 7 T.2

Αποθηκεύτηκε σε:
Λεπτομέρειες βιβλιογραφικής εγγραφής
Κύριος συγγραφέας: Phan, Đức Chính
Άλλοι συγγραφείς: Tôn, Thân
Μορφή: Βιβλίο
Γλώσσα:Undetermined
Έκδοση: H. Giáo dục 2003
Θέματα:
Διαθέσιμο Online:http://lrc.tdmu.edu.vn/opac/search/detail.asp?aID=2&ID=4892
Ετικέτες: Προσθήκη ετικέτας
Δεν υπάρχουν, Καταχωρήστε ετικέτα πρώτοι!
Thư viện lưu trữ: Trung tâm Học liệu Trường Đại học Thủ Dầu Một
LEADER 00629nam a2200217Ia 4500
001 TDMU_4892
008 210410s9999 xx 000 0 und d
082 |a 510.71 
090 |b PH105 
100 |a Phan, Đức Chính 
245 0 |a Toán 7 
245 0 |c Phan Đức Chính 
245 0 |n T.2 
260 |a H. 
260 |b Giáo dục 
260 |c 2003 
300 |a 95tr 
650 |a Toán  |x Dạy và học; Sách lớp 7  |v Bài tập 
700 |a Tôn, Thân 
856 |u http://lrc.tdmu.edu.vn/opac/search/detail.asp?aID=2&ID=4892 
980 |a Trung tâm Học liệu Trường Đại học Thủ Dầu Một